Statystyki dla Państwa według emisji dwutlenku węgla na jednego mieszkańca

Kliknij tutaj aby rozwiązać quiz!

Ogólne statystyki

  • Ten quiz został rozwiązany 19 razy
  • Średni wynik to 7 z 20

Statystyki odpowiedzi

CO2 na mieszkańcaPaństwo% Poprawnych
17 tonStany Zjednoczone
94%
16 tonKanada
88%
11 tonRosja
75%
48 tonKatar
50%
26 tonZjednoczone Emiraty Arabskie
50%
17 tonAustralia
44%
26 tonKuwejt
44%
20 tonArabia Saudyjska
38%
25 tonBahrajn
38%
15 tonOman
38%
12 tonKorea Południowa
31%
12 tonEstonia
19%
13 tonKazachstan
19%
17 tonLuksemburg
19%
11 tonSingapur
13%
24 tonyBrunei
6%
10 tonIslandia
6%
14 tonTurkmenistan
6%
14 tonPalau
0%
30 tonTrynidad i Tobago
0%

Rozkład punktacji

Percentyl według liczby udzielonych odpowiedzi

Procent ludzi z każdym wynikiem

Twoja historia wyników

Nie rozwiązałeś tego quizu